Countries Covered by "Rick Steves' Europe" - Statistics

General Stats
  • This quiz has been taken 111 times
  • The average score is 33 of 38
Answers on the Map
Answers color-coded by a green-red scale on the quiz's map according to % correct below.
 
Answer Stats
Number of Episodes Country % Correct
16 France
100%
10 Germany
100%
31 Italy
100%
12 Spain
100%
22 United Kingdom
100%
3 Ireland
98%
4 Portugal
98%
6 Switzerland
98%
5 Greece
97%
1 Sweden
97%
4 Austria
95%
1 Belgium
95%
3 Czech Republic
95%
1 Finland
95%
3 Norway
95%
2 Poland
95%
3 Croatia
94%
4 Turkey
94%
2 Denmark
92%
1 Hungary
92%
4 Netherlands
92%
1 Romania
92%
3 Slovenia
90%
2 Bulgaria
89%
1 Estonia
85%
1 Andorra
84%
1 Bosnia and Herzegovina
84%
1 Malta
84%
1 San Marino
79%
1 Vatican City
77%
1 Monaco
76%
1 Liechtenstein
74%
1 Montenegro
74%
2 Israel
73%
2 Egypt
71%
2 Morocco
71%
2 Iran
50%
1 Ethiopia
24%
No matching quizzes found
Score Distribution
Percent of People with Each Score
Percentile by Number Answered
Your Score History
You have not taken this quiz